| 000 | 00417nam a22001457a 4500 | ||
|---|---|---|---|
| 008 | 221103b |||||||| |||| 00| 0 eng d | ||
| 040 |
_aNational Science Library _cNational Science Library |
||
| 080 |
_a543:551 _bM3 |
||
| 100 | _aMarr, Iain L | ||
| 245 | _aEnvironmental chemical analysis | ||
| 260 |
_aNew York: _bInternational Textbook Company, _c1983 |
||
| 300 | _a258p. | ||
| 650 | _aScience | ||
| 942 |
_2udc _cBK |
||
| 999 |
_c27606 _d27606 |
||